| 000 | 00457nam a2200169Ia 4500 | ||
|---|---|---|---|
| 005 | 20250508151020.0 | ||
| 008 | 008 250505s9999 xx 000 0 eng d | ||
| 037 | _aTextual | ||
| 040 |
_aFEDL _beng _cFEDL |
||
| 041 |
_aeng _2eng |
||
| 084 |
_aF, TAG _qFEDL |
||
| 245 | 0 | _aMore stories from tagore | |
| 260 |
_aCalcutta, India _bMacmillan and Company Limited _c1951 |
||
| 300 | _a152p. | ||
| 942 |
_cTEXL _hF, TAG |
||
| 999 |
_c1327067 _d1327067 |
||